000
00334nam a2200145Ia 4500
999
_c
7269
_d
7269
008
191201s2008 xx 000 0 und d
020
_a
9780071368414
100
_a
Lipschutz, Seymour
245
0
_a
Discrete Mathematics
250
_a
Rep.
260
_c
2008
_b
TMH
_a
N.Delhi
300
_a
misc.
650
_a
MCA
942
_2
ddc
_c
BB
_0
28